01560aam a2200361 i 4500999001700000001001000017003000300027005001700030008004100047020001800088020001600106040004000122082002100162100002900183245006700212250001700279264007200296300004800368336002100416337002500437338002300462500002200485504005100507650005400558650003800612650006200650700003100712856010600743856009100849856009200940942001201032952015401044 c27054d27026015103323Uk20190130140233.0090225t2009 enka frb 001 0 eng d a9781107635715 a0521832942  aStDuBDSbengcStDuBDSdUKdEG-ScBUE04a621.395222bTAU10aTaur, Yuan,d1946-9928810aFundamentals of modern VLSI devices /cYuan Taur, Tak H. Ning. a2nd edition. 1aUnited Kingdom, Cambridge : bCambridge University Press, cc.2009. axxiii, 656 pages :billustrations ;c26 cm. atext2rdacontent aunmediated2rdamedia avolume2rdacarrier aFormerly CIP.5Uk aIncludes bibliographical references and index. 72BUEshaMetal oxide semiconductors, Complementary. 72BUEshaBipolar transistors.99290 72BUEshaIntegrated circuitsxVery large scale integration.1 aNing, Tak H.,d1943-99292423Contributor biographical informationuhttp://www.loc.gov/catdir/enhancements/fy0906/2009007334-b.html423Publisher descriptionuhttp://www.loc.gov/catdir/enhancements/fy0906/2009007334-d.html413Table of contents onlyuhttp://www.loc.gov/catdir/enhancements/fy0906/2009007334-t.html 2ddccBB 00102ddc40708BaccahaMAINbMAINc1STd2019-01-30ePurchaseg368.00h21201l0o621.395 TAUp000043249r2025-07-15 00:00:00v460.00w2019-01-30yBB